| 000 | 00678nam a2200229 a 4500 | ||
|---|---|---|---|
| 001 | 72828 | ||
| 003 | BD-RjUL | ||
| 005 | 20211209082320.0 | ||
| 008 | 170524s1957 enk 000 0 eng u | ||
| 035 | _a(BD-RjUL)73046 | ||
| 040 |
_cSCW _aBD-RjUL _beng |
||
| 041 | _aeng | ||
| 082 | 0 | 4 |
_a541 _223 _bMAP 1957 |
| 090 |
_aQD453 _b.M35x |
||
| 100 | 1 |
_aMandleberg, Joseph Harold. _9215407 |
|
| 245 | 1 | 0 |
_aPhysical chemistry made plain in certain arithmetical aspects / _cby J. H. Mandelberg. |
| 250 | _a2d ed. | ||
| 260 |
_aLondon : _bCleaver-Hume, _c1957. |
||
| 300 |
_aviii, 252 p. : _bill. ; _c23 cm. |
||
| 650 | 0 |
_aChemistry, Physical and theoretical. _9215408 |
|
| 942 |
_2ddc _cBK |
||
| 999 |
_c72828 _d72828 |
||